LEADER 03035nam2 2200445 i 450 001 BVEE043453 005 20170908093223.0 012 $a*-a- o-us rea. Hoan (C) 1612 (R)$2fei$9Vol. 5. - *=ae 100 $a20050506d1612 ||||0itac50 ba 101 | $alat 102 $ade 181 1$6z01$ai $bxxxe 182 1$6z01$an 200 1 $a˜5: Venerabilis Bedae Anglo-Saxonis presbyteri in omni disciplinarum genere sua aetate doctissimi œoperum tomus quintus; continens in sacrosancta quatuor Euangelia, & alios noui Testamenti libros, pias & breues expositiones: quarum seriem versa pagina exhibet 210 $aColoniae Agrippinae$csumptibus Antonij Hierati, & Ioannis Gymnici$d1612 215 $a°2] p., 816 °i.e. 856] col 300 $aCifre e marca di Johann Gymnich (Cavallo marino con scettro e una gru con un serpente nel becco: Discite iusticiam moniti) sul front 300 $aSegn.: A-2M⁶ 2N⁴ 300 $aDiversi errori nella numerazione delle p. 316 $av. 5; legato con il v. 6$5IT-NA0074, SM 6F 00032 316 $av. 5. - Legato con il v. 4. - Timbro BR Neapolis sul front. del v. 4.$5IT-NA0079, SALA FARN.07. H 0030 461 1$1001BVEE043447$12001 $a˜Venerabilis Bedae presbyteri Anglo-Saxonis viri sua aetate doctissimi, œopera quotquot reperiri potuerunt omnia$v5 620 $dColonia$3RMLL000779 700 0$aBeda : Venerabilis$3CFIV059712$4070$0157888 790 0$aBeda$c $3CFIV059713$zBeda : Venerabilis 790 0$aVenerabile Beda$3CFIV156056$zBeda : Venerabilis 790 0$aBède$c $3CFIV206648$zBeda : Venerabilis 790 0$aBède : le Vénérable$3CFIV206649$zBeda : Venerabilis 790 0$aBeda$f $3CFIV282450$zBeda : Venerabilis 790 0$aBeda : il Venerabile$3CFIV289634$zBeda : Venerabilis 801 3$aIT$bIT-NA0079$c20050506 850 $aIT-NA0074$aIT-NA0079 899 1$aBiblioteca Nazionale Vittorio Emanuele III$bNA0079$eS$uhttp://books.google.com/books?vid=IBNN:BNANT001740435 912 $aBVEE043453 950 2$aBiblioteca Provinciale Laurenziana$b1 esemplare (di cui solo i v. 3-8)$cv. 3-8$d 91SM 6F 00032$e 91ANT0000019405 B (0005 v. 5; legato con il v. 6$fZ $h20150324$i20150324 950 2$aBiblioteca Nazionale Vittorio Emanuele III$cv. 5.$d BNSALA FARN.07. H 0030$e BNANT0017404355 B (2 v. 5. - Legato con il v. 4. - Timbro BR Neapolis sul front. del v. 4.$fC $h20050202$i20050202 956 $aBiblioteca Nazionale Vittorio Emanuele III$b1$c$d$eBNANT001740435$uhttp://books.google.com/books?vid=IBNN:BNANT001740435$z BNSALA FARN.07. H 0030 977 $a 91$a BN 996 $aOperum tomus quintus; continens in sacrosancta quatuor Euangelia, & alios noui Testamenti libros, pias & breues expositiones: quarum seriem versa pagina exhibet$91481621 997 $aUNISANNIO